Directory of museums and art galleries in Australia & New Zealand.
Saved in:
| Corporate Authors: | , |
|---|---|
| Other Authors: | , |
| Format: | Book |
| Language: | English |
| Published: |
London,
The Museums association,
1934.
|
| Subjects: | |
| Tags: |
Add Tag
No Tags, Be the first to tag this record!
|
| LEADER | 01239cam a2200313I 4500 | ||
|---|---|---|---|
| 001 | 005237314-2 | ||
| 005 | 20050319122912.0 | ||
| 008 | 790402s1934 enk 000 0 eng | ||
| 010 | |a 34014986 | ||
| 035 | 0 | |a ocm04813914 | |
| 040 | |a DLC |c CLE |d HFL | ||
| 043 | |a u-at--- |a u-nz--- | ||
| 050 | |a AM93 |b .D5 | ||
| 082 | |a 069.0994 | ||
| 245 | 0 | 0 | |a Directory of museums and art galleries in Australia & New Zealand. |c Compiled by S. F. Markham and H. C. Richards. |
| 246 | 3 | |a Directory of museums and art galleries in Australia and New Zealand | |
| 246 | 1 | 5 | |a Directory of the museums and art galleries in Australia & New Zealand |
| 260 | |a London, |b The Museums association, |c 1934. | ||
| 300 | |a 115 p. |c 26 cm. | ||
| 500 | |a This directory forms a complementary volume to the survey entitled "A report on the museums & art galleries of Australia [and New Zealand] by S. F. Markham and Prof. H. C. Richards ... 1933. | ||
| 510 | 4 | |a Bagnall, |c M1015 | |
| 650 | 0 | |a Museums |z Australia. | |
| 650 | 0 | |a Museums |z New Zealand. | |
| 700 | 1 | |a Markham, S. F. |q (Sydney Frank), |d 1897- | |
| 700 | 1 | |a Richards, Henry Caselli, |d 1884- | |
| 710 | 2 | |a Museums Association. | |
| 710 | 2 | |a Carnegie Corporation of New York. | |
| 988 | |a 20020608 | ||
| 906 | |0 DLC | ||


